Sports Quiz

Random Sports or Soccer Quiz

Top 31 Stoke City Premier League Appearances Quiz Stats

Quiz not verified by Sporcle

Challenge
Share
Tweet
Embed
Score 0/31 Timer 10:00
0 Plays Today
Apps Player % Correct
290Ryan Shawcross
97.4%
171Peter Crouch
93.9%
149Robert Huth
92.2%
110Ricardo Fuller
89.8%
160Asmir Begovic
89%
226Jonathan Walters
86.9%
277Glenn Whelan
86.8%
152Matthew Etherington
86.3%
134Rory Delap
84.5%
99Thomas Sorensen
83.9%
125Marko Arnautovic
83.6%
138Erik Pieters
81.8%
133Charlie Adam
81.2%
123Andy Wilkinson
80.6%
65Jermaine Pennant
80.3%
52Bojan Krkic
78.3%
Apps Player % Correct
88Kenwyne Jones
75.5%
132Dean Whitehead
72.8%
48Glen Johnson...
70.2%
81Abdoulaye Faye
69.8%
87Mame Biram Diouf
68.5%
148Geoff Cameron
64.8%
51Phil Bardsley
63.9%
64Danny Higginbotham
63.3%
146Marc Wilson
63.2%
109Steven N'Zonzi
57%
50Salif Diao
51.4%
57Marc Muniesa
46.1%
50Danny Collins
44.2%
50Cameron Jerome
37%
55Stephen Ireland
33.3%

You're not logged in!

Compare scores with friends on all Sporcle quizzes.
Sign Up with Email
OR
Log In

You Might Also Like...

Show Comments

Extras

Top Quizzes Today


Score Distribution

Your Account Isn't Verified!

In order to create a playlist on Sporcle, you need to verify the email address you used during registration. Go to your Sporcle Settings to finish the process.